[Event "Oberliga Ost-A 1920"]
[Site "Germany"]
[Date "2020.01.19"]
[Round "7.3"]
[White "Dietze, Frank"]
[Black "Heyder, Florian"]
[Result "0-1"]
[WhiteElo "2066"]
[BlackElo "2225"]
[PlyCount "60"]
[EventDate "2019.09.29"]
[EventType "team-tourn"]
[EventRounds "11"]
[EventCountry "GER"]
[SourceTitle "EXT 2021"]
[Source "ChessBase"]
[SourceDate "2020.10.23"]
[SourceVersion "1"]
[SourceVersionDate "2020.10.23"]
[SourceQuality "1"]
[WhiteTeam "Leipzig SG II"]
[BlackTeam "Sangerhausen"]
[WhiteTeamCountry "GER"]
[BlackTeamCountry "GER"]

1. d4 e6 2. c4 Nf6 3. g3 d5 4. Nf3 Be7 5. Bg2 0-0 6. 0-0 dxc4 7. Qc2 b5 8. a4 b4 9. Ne5 Qxd4 10. Bxa8 Qxe5 11. Bf4 Qc5 12. Be3 Qa5 13. Bf3 Nd5 14. Bd2 Ba6 15. Na3 c3 16. Nb1 cxd2 17. Nxd2 c5 18. Rac1 Nd7 19. Rce1 Ne5 20. Bg2 c4 21. Qe4 Bf6 22. Qc2 b3 23. Qc1 Rc8 24. Ne4 Be7 25. Rd1 c3 26. Nxc3 Nxc3 27. bxc3 Bxe2 28. Rfe1 Nd3 29. Qd2 Nxe1 30. Rxe1 Ba6 0-1

[Event "Erfurt op-A 29th"]
[Site "Erfurt"]
[Date "2019.12.30"]
[Round "8"]
[White "Heyder, Florian"]
[Black "Heinke, Jasper"]
[Result "1-0"]
[WhiteElo "2205"]
[BlackElo "2066"]
[PlyCount "59"]
[EventDate "2019.12.26"]
[EventType "swiss"]
[EventRounds "8"]
[EventCountry "GER"]
[SourceTitle "CBM 194 Extra"]
[Source "ChessBase"]
[SourceDate "2020.03.31"]
[SourceVersion "1"]
[SourceVersionDate "2020.03.31"]
[SourceQuality "1"]

1. e4 e6 2. d3 d5 3. Nd2 c5 4. g3 Nc6 5. Bg2 Nf6 6. Ngf3 Be7 7. 0-0 0-0 8. Re1 b5 9. e5 Nd7 10. Nf1 a5 11. h4 b4 12. N1h2 Ba6 13. Bf4 c4 14. d4 a4 15. Ng5 Qb6 16. Be3 Rab8 17. Qh5 Bxg5 18. hxg5 Qd8 19. Ng4 a3 20. bxa3 Bb5 21. Nf6+ Nxf6 22. gxf6 gxf6 23. Bh6 f5 24. Bxd5 exd5 25. Qxf5 Ne7 26. Qf6 Nf5 27. Qxf5 Rb6 28. e6 Rxe6 29. Rxe6 fxe6 30. Qxe6+ 1-0

[Event "Oberliga Ost-B 1819"]
[Site "Germany"]
[Date "2019.04.07"]
[Round "11.3"]
[White "Chandler, Patrick"]
[Black "Heyder, Florian"]
[Result "0-1"]
[WhiteElo "2144"]
[BlackElo "2211"]
[PlyCount "102"]
[EventDate "2018.10.21"]
[EventType "team-tourn"]
[EventRounds "11"]
[EventCountry "GER"]
[SourceTitle "EXT 2020"]
[Source "ChessBase"]
[SourceDate "2019.10.17"]
[SourceVersion "1"]
[SourceVersionDate "2019.10.17"]
[SourceQuality "1"]
[WhiteTeam "Nied Koenig"]
[BlackTeam "Sangerhausen"]
[WhiteTeamCountry "GER"]
[BlackTeamCountry "GER"]

1. b4 c6 2. e3 Qb6 3. a3 a5 4. b5 Nf6 5. Nc3 e5 6. Bb2 d5 7. Na4 Qc7 8. c4 Nbd7 9. Rc1 Qb8 10. d4 e4 11. Ne2 cxb5 12. cxb5 b6 13. Nec3 Bd6 14. h3 0-0 15. g4 Bb7 16. Qb3 h6 17. Be2 Qe8 18. Kd2 Qe6 19. Rcg1 g5 20. Kc2 Be7 21. Kb1 Ne8 22. Bc1 Nd6 23. Nb2 Rac8 24. f3 exf3 25. Bxf3 Nf6 26. Nca4 Nc4 27. Rh2 Nxa3+ 28. Ka1 Rc7 29. Nd3 Nc4 30. h4 Ne4 31. hxg5 Bxg5 32. Nf4 Qf6 33. Bxe4 dxe4 34. Nb2 Rfc8 35. Nh3 Qd6 36. Rgh1 Be7 37. Nf4 Bg5 38. Nxc4 Rxc4 39. Ba3 Qd7 40. Bb2 Bd5 41. Nxd5 Qxd5 42. Rf2 a4 43. Qa3 Qxb5 44. Rhf1 R8c7 45. Rf5 Qb4 46. Qxb4 Rxb4 47. Ba3 Rb3 48. Bd6 Rd7 49. Bf4 Bxf4 50. R1xf4 Rxe3 51. d5 Rf3 0-1

[Event "Oberliga Ost-B 1718"]
[Site "Germany"]
[Date "2018.04.15"]
[Round "11.4"]
[White "Heyder, Florian"]
[Black "Dorst, Johannes"]
[Result "1/2-1/2"]
[WhiteElo "2174"]
[BlackElo "2207"]
[PlyCount "72"]
[EventDate "2017.10.22"]
[EventType "team-tourn"]
[EventRounds "11"]
[EventCountry "GER"]
[SourceTitle "EXT 2019"]
[Source "ChessBase"]
[SourceDate "2018.10.10"]
[SourceVersion "1"]
[SourceVersionDate "2018.10.10"]
[SourceQuality "1"]
[WhiteTeam "Sangerhausen"]
[BlackTeam "Marburg"]
[WhiteTeamCountry "GER"]
[BlackTeamCountry "GER"]

1. d4 Nf6 2. Nd2 d5 3. e3 Bg4 4. f3 Bh5 5. Ne2 e6 6. Ng3 Bg6 7. Bd3 c5 8. Qe2 Nc6 9. c3 Qc7 10. 0-0 Bd6 11. f4 Bxd3 12. Qxd3 cxd4 13. cxd4 Nb4 14. Qb5+ Qc6 15. Qxc6+ Nxc6 16. Nf3 h5 17. Bd2 Ne7 18. Ng5 h4 19. Ne2 Nf5 20. Rfe1 Rc8 21. Rac1 Ke7 22. h3 b5 23. Rxc8 Rxc8 24. Rc1 Rxc1+ 25. Nxc1 Nh5 26. Ne2 Ke8 27. Kf2 Be7 28. Kf3 Nd6 29. Be1 Nf5 30. Bd2 Nf6 31. Nc1 Nd7 32. Nd3 Nf8 33. Kg4 f6 34. Nf3 Ng6 35. Ng1 Kf7 36. Kf3 Bd6 1/2-1/2

[Event "Oberliga Ost-B 1718"]
[Site "Germany"]
[Date "2018.02.25"]
[Round "8.6"]
[White "Heyder, Florian"]
[Black "Meyer, Kai Christian"]
[Result "1/2-1/2"]
[WhiteElo "2174"]
[BlackElo "2158"]
[PlyCount "70"]
[EventDate "2017.10.22"]
[EventType "team-tourn"]
[EventRounds "11"]
[EventCountry "GER"]
[SourceTitle "EXT 2019"]
[Source "ChessBase"]
[SourceDate "2018.10.10"]
[SourceVersion "1"]
[SourceVersionDate "2018.10.10"]
[SourceQuality "1"]
[WhiteTeam "Sangerhausen"]
[BlackTeam "Schoeneck"]
[WhiteTeamCountry "GER"]
[BlackTeamCountry "GER"]

1. e4 c6 2. d4 d5 3. e5 Bf5 4. Nf3 e6 5. Be2 Ne7 6. 0-0 Nd7 7. Nh4 Bg6 8. Bg5 Qb6 9. b3 Nf5 10. Nxg6 hxg6 11. c3 Be7 12. Bxe7 Nxe7 13. Nd2 c5 14. Nf3 cxd4 15. cxd4 Nf5 16. Qd3 Nb8 17. g4 Nh4 18. Ng5 f6 19. exf6 gxf6 20. Nh3 Nc6 21. Rad1 0-0-0 22. Nf4 Qc7 23. Qg3 Rd6 24. Rfe1 g5 25. Ng2 Nxg2 26. Kxg2 Rd7 27. Bb5 Rdh7 28. Qxc7+ Kxc7 29. Rxe6 Rxh2+ 30. Kf3 R2h3+ 31. Ke2 Nb4 32. Kd2 Rf3 33. Ke2 Rfh3 34. Kd2 Rf3 35. Ke2 Rfh3 1/2-1/2

[Event "Oberliga Ost-B 1617"]
[Site "Germany"]
[Date "2017.05.07"]
[Round "11.1"]
[White "Heyder, Florian"]
[Black "Lubbe, Nikolas"]
[Result "0-1"]
[WhiteElo "2161"]
[BlackElo "2500"]
[PlyCount "118"]
[EventDate "2016.10.16"]
[EventType "team-tourn"]
[EventRounds "11"]
[EventCountry "GER"]
[SourceTitle "EXT 2018"]
[Source "ChessBase"]
[SourceDate "2017.10.13"]
[SourceVersion "1"]
[SourceVersionDate "2017.10.13"]
[SourceQuality "1"]
[WhiteTeam "Sangerhausen"]
[BlackTeam "Neuberg"]
[WhiteTeamCountry "GER"]
[BlackTeamCountry "GER"]

1. e4 c5 2. Nf3 d6 3. Bb5+ Nd7 4. 0-0 a6 5. Bxd7+ Bxd7 6. d4 cxd4 7. Nxd4 Nf6 8. Re1 e5 9. Nb3 h6 10. Nc3 Be7 11. a4 0-0 12. a5 Rc8 13. Be3 Qc7 14. Qd3 Be6 15. Bb6 Qc6 16. Rac1 Rfe8 17. Red1 Qc4 18. f3 Bf8 19. Qxc4 Rxc4 20. Nd2 Rc6 21. Nf1 Nd7 22. Nd5 Nxb6 23. Nxb6 Be7 24. Ne3 Bd8 25. Ned5 Bg5 26. c3 Bxc1 27. Rxc1 Bxd5 28. Nxd5 f6 29. Kf2 Kf7 30. Ke3 g6 31. Kd3 f5 32. b4 Ke6 33. Rb1 Rf8 34. Rb2 fxe4+ 35. fxe4 Rf1 36. Ne3 Re1 37. Rc2 Rc8 38. h3 h5 39. Kd2 Rb1 40. Kd3 Rf8 41. Rd2 Re1 42. Rc2 Rf4 43. Rb2 Ra1 44. Rd2 g5 45. Nd5 Rff1 46. Ne3 Rf7 47. Ke2 Rf4 48. Kd3 Rf7 49. Ke2 Rg1 50. Kd3 Re1 51. Rb2 Rf4 52. Rd2 g4 53. hxg4 hxg4 54. b5 Ra1 55. bxa6 bxa6 56. Nc4 d5 57. exd5+ Kxd5 58. Ne3+ Ke6 59. Nc4 Ra4 0-1

[Event "Oberliga Ost-A 1516"]
[Site "Germany"]
[Date "2016.02.21"]
[Round "8.2"]
[White "Jurasek, Miroslav"]
[Black "Heyder, Florian"]
[Result "1-0"]
[WhiteElo "2282"]
[BlackElo "2230"]
[PlyCount "151"]
[EventDate "2015.09.20"]
[EventType "team-tourn"]
[EventRounds "11"]
[EventCountry "GER"]
[SourceTitle "EXT 2017"]
[Source "ChessBase"]
[SourceDate "2016.10.25"]
[SourceVersion "1"]
[SourceVersionDate "2016.10.25"]
[SourceQuality "1"]
[WhiteTeam "Aue Nickelhuette II"]
[BlackTeam "Sangerhausen"]
[WhiteTeamCountry "GER"]
[BlackTeamCountry "GER"]

1. e4 e5 2. Nf3 Nc6 3. Bb5 a6 4. Ba4 Nf6 5. 0-0 Be7 6. Re1 b5 7. Bb3 0-0 8. a4 Bb7 9. d3 d6 10. Nc3 b4 11. Nd5 a5 12. c3 bxc3 13. bxc3 Nb8 14. Nxe7+ Qxe7 15. Nh4 Bc8 16. Qf3 Be6 17. Bc2 c5 18. Nf5 Bxf5 19. Qxf5 Qe6 20. Qxe6 fxe6 21. Bb3 Kf7 22. f4 Ke7 23. fxe5 dxe5 24. d4 Nbd7 25. Bc4 Rfc8 26. dxe5 Nxe5 27. Bb5 c4 28. Ba3+ Kf7 29. Rad1 Rd8 30. Rd4 Rac8 31. Rf1 Kg6 32. Bd6 Nc6 33. Bxc6 Rxc6 34. e5 Nd5 35. Rg4+ Kh6 36. Rf7 g6 37. Rh4+ Kg5 38. Rhxh7 Rdxd6 39. exd6 Rxd6 40. Rf3 e5 41. h4+ Kg4 42. Kh2 Nf4 43. Rg3+ Kf5 44. Rc7 Rd2 45. Rxc4 Ra2 46. Rg5+ Kf6 47. Rc6+ Ne6 48. Rxe6+ Kxe6 49. Rxg6+ Kf5 50. h5 Rxa4 51. g4+ Kf4 52. Kh3 e4 53. Rf6+ Ke5 54. Rf5+ Ke6 55. Rf1 e3 56. Kg3 Rc4 57. Re1 Rxc3 58. Kf4 Rc4+ 59. Kf3 Kf6 60. Rxe3 a4 61. Kg3 Rb4 62. Rf3+ Kg5 63. Rf5+ Kh6 64. Ra5 Rc4 65. Ra6+ Kh7 66. Kh4 Rb4 67. Kg5 Rb5+ 68. Kf6 Rb4 69. g5 Rf4+ 70. Ke5 Rh4 71. Kf5 Rb4 72. Ra7+ Kh8 73. g6 Rb5+ 74. Kf6 Rb6+ 75. Kg5 Rb8 76. Kh6 1-0

[Event "Oberliga Ost-B 1415"]
[Site "Germany"]
[Date "2015.01.17"]
[Round "6.5"]
[White "Heyder, Florian"]
[Black "Dreyer, Michael"]
[Result "1-0"]
[WhiteElo "2175"]
[BlackElo "2213"]
[PlyCount "65"]
[EventDate "2014.09.21"]
[EventType "team-tourn"]
[EventRounds "11"]
[EventCountry "GER"]
[SourceTitle "EXT 2016"]
[Source "ChessBase"]
[SourceDate "2015.10.08"]
[SourceVersion "1"]
[SourceVersionDate "2015.10.08"]
[SourceQuality "1"]
[WhiteTeam "Sangerhausen"]
[BlackTeam "Jena Schott"]
[WhiteTeamCountry "GER"]
[BlackTeamCountry "GER"]

1. e4 e5 2. Nf3 d6 3. d4 Nf6 4. dxe5 Nxe4 5. Qd5 Nc5 6. Bg5 Be7 7. exd6 Qxd6 8. Nc3 c6 9. Qxd6 Bxd6 10. 0-0-0 Bc7 11. Bc4 Ne6 12. Rhe1 0-0 13. Be7 Re8 14. Ba3 a5 15. Bd6 Bxd6 16. Rxd6 Na6 17. Na4 Nac7 18. Nb6 Rb8 19. Re5 c5 20. a4 Kf8 21. c3 f6 22. Rh5 Ke7 23. Rd1 h6 24. Nh4 Kf8 25. g3 g5 26. Nxc8 Rexc8 27. Nf5 Rd8 28. Rxh6 Rxd1+ 29. Kxd1 Rd8+ 30. Kc2 Kf7 31. g4 b6 32. Rh7+ Kg6 33. Re7 1-0

[Event "Oberliga Ost-B 1415"]
[Site "Germany"]
[Date "2014.11.09"]
[Round "4.5"]
[White "Haubt, Georg"]
[Black "Heyder, Florian"]
[Result "0-1"]
[WhiteElo "2204"]
[BlackElo "2175"]
[PlyCount "44"]
[EventDate "2014.09.21"]
[EventType "team-tourn"]
[EventRounds "11"]
[EventCountry "GER"]
[SourceTitle "EXT 2016"]
[Source "ChessBase"]
[SourceDate "2015.10.08"]
[SourceVersion "1"]
[SourceVersionDate "2015.10.08"]
[SourceQuality "1"]
[WhiteTeam "Oberursel"]
[BlackTeam "Sangerhausen"]
[WhiteTeamCountry "GER"]
[BlackTeamCountry "GER"]

1. e4 e5 2. Nc3 Nf6 3. Bc4 Nxe4 4. Qh5 Nd6 5. Bb3 Nc6 6. Nb5 g6 7. Qf3 Nf5 8. Qd5 Nh6 9. d3 d6 10. Bxh6 Be6 11. Qf3 Bxh6 12. Bxe6 fxe6 13. Qh3 Bg7 14. Qxe6+ Ne7 15. Nf3 Qd7 16. Qb3 c6 17. Nc3 d5 18. 0-0 0-0 19. Rfe1 Rxf3 20. gxf3 Nf5 21. Ne2 Nh4 22. d4 Qh3 0-1

[Event "Oberliga Ost-B 1415"]
[Site "Germany"]
[Date "2014.09.21"]
[Round "1.4"]
[White "Hartung, Thomas"]
[Black "Heyder, Florian"]
[Result "1-0"]
[WhiteElo "2108"]
[BlackElo "2175"]
[PlyCount "41"]
[EventDate "2014.09.21"]
[EventType "team-tourn"]
[EventRounds "11"]
[EventCountry "GER"]
[SourceTitle "EXT 2016"]
[Source "ChessBase"]
[SourceDate "2015.10.08"]
[SourceVersion "1"]
[SourceVersionDate "2015.10.08"]
[SourceQuality "1"]
[WhiteTeam "Merseburg"]
[BlackTeam "Sangerhausen"]
[WhiteTeamCountry "GER"]
[BlackTeamCountry "GER"]

1. d4 Nf6 2. Nc3 d5 3. Bg5 Nbd7 4. e3 c6 5. f4 g6 6. Bd3 Bg7 7. Nf3 Nf8 8. Ne5 Ne6 9. 0-0 0-0 10. Bh4 c5 11. f5 gxf5 12. Bxf5 cxd4 13. exd4 Qb6 14. Bxf6 Bxf6 15. Nxd5 Qxd4+ 16. Qxd4 Nxd4 17. Bxc8 Raxc8 18. Nd7 Nxc2 19. N7xf6+ exf6 20. Rac1 Rc5 21. Nxf6+ 1-0

[Event "Oberliga Ost-B 1314"]
[Site "Germany"]
[Date "2014.04.06"]
[Round "11.5"]
[White "Heyder, Florian"]
[Black "Benninger, Rudolf"]
[Result "1/2-1/2"]
[WhiteElo "2139"]
[BlackElo "2098"]
[PlyCount "123"]
[EventDate "2013.10.13"]
[EventType "team-tourn"]
[EventRounds "11"]
[EventCountry "GER"]
[SourceTitle "EXT 2015"]
[Source "ChessBase"]
[SourceDate "2014.11.20"]
[SourceVersion "1"]
[SourceVersionDate "2014.11.20"]
[SourceQuality "1"]
[WhiteTeam "Sangerhausen"]
[BlackTeam "Heusenstamm"]
[WhiteTeamCountry "GER"]
[BlackTeamCountry "GER"]

1. Nc3 g6 2. h4 h5 3. e4 Bg7 4. Bc4 c5 5. d3 Nc6 6. a3 e6 7. Nf3 Nge7 8. Be3 d5 9. exd5 exd5 10. Nxd5 Nxd5 11. Bxc5 Be6 12. c3 b6 13. Bb5 Rc8 14. Bd4 0-0 15. Bxg7 Kxg7 16. Qa4 Qd6 17. 0-0 Bd7 18. Rad1 Nc7 19. Bxc6 Bxc6 20. Qd4+ Qxd4 21. Nxd4 Bd7 22. Nc2 Rfe8 23. Rfe1 Rxe1+ 24. Nxe1 Re8 25. Kf1 Nd5 26. Rd2 Bg4 27. Nc2 Nc7 28. Nd4 Ne6 29. Nc2 Bf5 30. Ne1 Nf4 31. f3 Kf6 32. Kf2 Bd7 33. g3 Nd5 34. Nc2 Ne7 35. Ne3 Nf5 36. Ng2 Bc6 37. Rd1 Ne7 38. Nf4 Nd5 39. Ng2 Ba4 40. Rd2 Bb3 41. Ne1 Re6 42. Ng2 b5 43. Kg1 Ke7 44. Kf2 f5 45. f4 Nf6 46. Ne3 Ng4+ 47. Nxg4 hxg4 48. Re2 Kd6 49. Rxe6+ Kxe6 50. Ke3 Kd5 51. Kd2 a5 52. Ke3 Kc5 53. Kd2 b4 54. axb4+ axb4 55. Ke2 Bd5 56. Kd2 Bf3 57. Ke3 Bc6 58. Kd2 Be8 59. Ke3 Bd7 60. Kd2 Bb5 61. Ke3 Be8 62. Kd2 1/2-1/2

[Event "Oberliga Ost-B 1314"]
[Site "Germany"]
[Date "2014.02.23"]
[Round "8.4"]
[White "Meyner, Hannes"]
[Black "Heyder, Florian"]
[Result "0-1"]
[WhiteElo "2256"]
[BlackElo "2139"]
[PlyCount "78"]
[EventDate "2013.10.13"]
[EventType "team-tourn"]
[EventRounds "11"]
[EventCountry "GER"]
[SourceTitle "EXT 2015"]
[Source "ChessBase"]
[SourceDate "2014.11.20"]
[SourceVersion "1"]
[SourceVersionDate "2014.11.20"]
[SourceQuality "1"]
[WhiteTeam "Kassel"]
[BlackTeam "Sangerhausen"]
[WhiteTeamCountry "GER"]
[BlackTeamCountry "GER"]

1. d4 Nf6 2. Nf3 d5 3. c4 g6 4. cxd5 Nxd5 5. e4 Nb6 6. h3 Bg7 7. Nc3 0-0 8. Be3 c6 9. Be2 N8d7 10. a4 Nf6 11. a5 Nbd7 12. Qb3 Ne8 13. e5 Nc7 14. Ng5 e6 15. Nge4 Nd5 16. Nxd5 exd5 17. Nd6 f6 18. Nxc8 fxe5 19. dxe5 Rxc8 20. e6 Nf6 21. Qxb7 Qd6 22. 0-0 Qxe6 23. Qxa7 Ra8 24. Qc5 Ne4 25. Qc2 Rfb8 26. Ra2 Kh8 27. Bd3 Rb4 28. a6 c5 29. Bxe4 Rxe4 30. Bxc5 Rc4 31. Qd2 Rxc5 32. b4 Rb5 33. Re1 Qb6 34. a7 h6 35. Re7 Qd6 36. Qe2 Rxb4 37. Re8+ Kh7 38. g3 Qc6 39. Rc2 Qxe8 0-1